00581cam a22002291 4500001001300000003000400013005001700017008004100034010001700075025002000092035002000112040002100132042001200153050001900165100004000184245002400224260001100248300002700259500001500286600003300301999001700334sa 68016995 DLC20260227112659.0940711s1968 ii c 000 0 telo  asa 68016995  aPL480:I-Te-1846 a(OCoLC)30748229 aDLCcCUdCUdDLC apremarc00aDS481.N25bV452 aVenkata Subbayya, Gorrepati,d1898-10aSarōjinīdēvi. c[1968] a139 p.bports.c19 cm. aIn Telugu.10aNaidu, Sarojini,d1879-1949. c87453d87453